000 00352nam a2200145Ia 4500
008 230312s9999||||xx |||||||||||||| ||und||
020 _a9789699739118
082 _a891.4
_bABD-R
100 _aعبدالکریم ثمرٗ
245 0 _aرسولّ کائنات
260 _bJamhori
_apak
_c2014
300 _a176
650 _aLiterature
942 _cBK
999 _c14897
_d14897